Research Methodology (Record no. 8559)

MARC details
000 -LEADER
fixed length control field 00444nam a22001457a 4500
008 - FIXED-LENGTH DATA ELEMENTS--GENERAL INFORMATION
fixed length control field 200317b ||||| |||| 00| 0 eng d
020 ## - INTERNATIONAL STANDARD BOOK NUMBER
International Standard Book Number 9789386649225
100 ## - MAIN ENTRY--PERSONAL NAME
Personal name KOTHARI, C.R.
245 ## - TITLE STATEMENT
Title Research Methodology
Remainder of title Methods And Techniques
250 ## - EDITION STATEMENT
Edition statement Reprint 2020
Remainder of edition statement Fourth edition (1 September 2019)
260 ## - PUBLICATION, DISTRIBUTION, ETC. (IMPRINT)
Place of publication, distribution, etc New Delhi
Name of publisher, distributor, etc New Age International Publishers
650 ## - SUBJECT ADDED ENTRY--TOPICAL TERM
Topical term or geographic name as entry element Pharmacy General Books
700 ## - ADDED ENTRY--PERSONAL NAME
Personal name GARG, Gaurav
942 ## - ADDED ENTRY ELEMENTS (KOHA)
Source of classification or shelving scheme Dewey Decimal Classification
Koha item type Text Books
Holdings
Withdrawn status Lost status Source of classification or shelving scheme Damaged status Not for loan Collection code Home library Current library Date acquired Source of acquisition Currency Cost, normal purchase price Bill Number Total Checkouts Full call number Acc. no. / Barcode Date last seen Copy number Actual Cost, discounted price Bill Date Koha item type
    Dewey Decimal Classification     B.Pharma PIET C-LIBRARY PIET C-LIBRARY 06/01/2020 Kirti Prakashan IN Rupees 399.00 IN5972   001.42 KOR BP192 17/03/2020 1 279.30 06/01/2020 Reference Books
    Dewey Decimal Classification     B.Pharma PIET C-LIBRARY PIET C-LIBRARY 06/01/2020 Kirti Prakashan IN Rupees 399.00 IN5972   001.42 KOR BP193 17/03/2020 2 279.30 06/01/2020 Text Books
    Dewey Decimal Classification     B.Pharma PIET C-LIBRARY PIET C-LIBRARY 06/01/2020 Kirti Prakashan IN Rupees 399.00 IN5972   001.42 KOR BP194 17/03/2020 3 279.30 06/01/2020 Text Books

Design & Developed by: PIET Central Library
R70 Miles Stone Pattikalyana Samalkha Panipat 132102
mail ID :- [email protected], Phone No:- 0180-2569700 Ex.216